Kampus Albertov Biocentrum, Globcentrum = Albertov Campus Biocenter, Globcenter : Architektonická soutěž = Architectural Competition /

Salvato in:
Dettagli Bibliografici
Autori principali: Gaš, Bohuslav (Autore), Kovečević, Igor (Autore), Kratochvíl, Jan (Autore), Šedo, Aleksi (Autore), Zima, Tomáš (Autore)
Natura: Libro
Lingua:ceco
inglese
Pubblicazione: Praha : Karolinum Press, 2016
Edizione:1. vydanie
Soggetti:
Tags: Aggiungi Tag
Nessun Tag, puoi essere il primo ad aggiungerne!!

MARC

LEADER 00000nam a22000003a 4500
001 0080089
003 SK-STU
005 20200131085826.6
007 ta
008 200131s ----xo-----e------000-0-----d
040 |a STU  |b slo 
041 0 |a cze  |a eng 
044 |a xr 
100 1 |a Gaš, Bohuslav  |4 aut 
245 1 0 |a Kampus Albertov Biocentrum, Globcentrum = Albertov Campus Biocenter, Globcenter :  |b Architektonická soutěž = Architectural Competition /  |c aut. Bohuslav Gaš, Igor Kovečević, Jan Kratochvíl, Aleksi Šedo, Tomáš Zima 
250 |a 1. vydanie 
260 |a Praha :  |b Karolinum Press,  |c 2016 
300 |a 184 s. 
650 0 7 |a vysokoškolský kampus 
650 0 7 |a centrum vedecké 
650 0 7 |a laboratóriá 
650 0 7 |a administratívne budovy 
650 0 7 |a súťaž architektonická 
650 0 7 |a architektonický návrh 
650 0 7 |a školské budovy 
700 1 |a Kovečević, Igor  |4 aut 
700 1 |a Kratochvíl, Jan  |4 aut 
700 1 |a Šedo, Aleksi  |4 aut 
700 1 |a Zima, Tomáš  |4 aut 
996 |b 284AU08282  |c A* 11542/U  |l AAKNAR  |s A  |a 24  |w 0080089_0001